| 000 | 01411cam a2200217 4500 | ||
|---|---|---|---|
| 001 | ABS68255 | ||
| 008 | 040907n2004 000 0 eng u | ||
| 035 | _a(Sirsi) u127278 | ||
| 245 | _aHawkesbrook Leisure Ltd v The Reece-Jones Partnership | ||
| 260 | _c2004 | ||
| 490 |
_aEstates Gazette _v[2004] 25 EG 172-176(5) |
||
| 520 | _a[2003] EWHC 3333( Ch), 18 November 2003. Concerned with deciding a preliminary issue on liability in proceedings brought by claimant (H) for damages for negligence against defendant (RJ). H, owned by London Transport was a non-profit making company limited by guarantee set up to look after two sports grounds owned by parent company. RJ had been instructed by H to make applications under the Landlord and Tenant Act 1954 Act Part II for renewal of the leases on the sports grounds. RJ served notices under s26 of the 1954 Act but failed to make the necessary applications to the court. RJ denied liability on the grounds that H did not fulfil the profit making requirements of s23 of the 1954 Act. Held that H was in occupation for the purposes of s23. | ||
| 650 | _aHAWKESBROOK LEISURE LTD v THE REECE-JONES PARTNERSHIP | ||
| 650 | _aLANDLORD AND TENANT ACT 1954 PART II | ||
| 650 | _aLANDLORD AND TENANT ACT 1954 S23 | ||
| 650 | _aPROFIT | ||
| 650 | _aNEGLIGENCE | ||
| 650 | _aLIABILITY | ||
| 690 | _aLANDLORD AND TENANT-BUSINESS TENANCIES-CASE LAW | ||
| 942 | _n0 | ||
| 999 |
_c74529 _d74529 |
||